000 00269nam a2200097Ia 4500
008 220204s9999 xx 000 0 und d
082 _a577.3
_bSOC
245 0 _aState and movement of water in living organisms.
260 _aCambridge
_bUniversity Press
_c1965
942 _cBK
999 _c21186
_d21186